Name Every Weezer Member - Statistics

General Stats
  • This quiz has been taken 48 times
  • The average score is 7 of 7
Answer Stats
Hint Answer % Correct
1992 - Present Rivers Cuomo
100%
1992 - 1998 Matt Sharp
97%
1992 - Present Patrick Wilson
97%
1993 - Present Brian Bell
95%
1998 - 2001 Mikey Welsh
89%
2001 - Present Scott Shriner
89%
1992 - 1993 Jason Cropper
82%
No matching quizzes found
Score Distribution
Percent of People with Each Score
Percentile by Number Answered
Your Score History
You have not taken this quiz